Science Quiz

Random Science or Clickable Quiz

APES 2015 Neil Supanekar Chapter 13 Quiz Stats

 Plays Quiz not verified by Sporcle

Score 0/19 Timer 20:00
0 Plays Today
% Correct
Lateral Recharge
100%
Desalination
100%
Micro irrigation
100%
Floodplain
100%
Groundwater
50%
Water table
50%
Aquifers
50%
Natural recharge
50%
Drought
50%
Springs
50%
% Correct
Sinkholes
50%
Aqueducts
50%
Microfiltration
50%
Gray Water
50%
Zone of Saturation
0%
Surface water
0%
Surface Runoff
0%
Watershed
0%
Distillation
0%

You're not logged in!

Compare scores with friends on all Sporcle quizzes.
OR
Log In

Sporcle TV

Today on Sporcle TV


Watch our educational content, quiz creation guides, and fun videos on Sporcle TV.

Show Comments

Extras

Created Aug 31, 2015ReportNominate
Tags:Clickable Quiz, 2015, ape, chapter, neil

Top Quizzes Today


Score Distribution

Your Account Isn't Verified!

In order to create a playlist on Sporcle, you need to verify the email address you used during registration. Go to your Sporcle Settings to finish the process.

Report this User

Report this user for behavior that violates our Community Guidelines.

Details: